2/3-rozmerná simulácia ESD ochranného prvku

Gespeichert in:
Bibliographische Detailangaben
1. Verfasser: Príbytný, Patrik, 1985- (Verfasst von)
Weitere Verfasser: Donoval, Daniel, 1953- (Betreuung Doktorarbeit), Chvála, Aleš, 1981- (Betreuung Doktorarbeit)
Format: Manuskript Buch
Sprache:Slowakisch
Veröffentlicht: Bratislava : STU v Bratislave FEI, 2009
Schlagworte:
Tags: Tag hinzufügen
Keine Tags, Fügen Sie das erste Tag hinzu!

MARC

LEADER 00000ntm a22000003a 4500
001 stu195327
005 20150617230021.8
008 091102s2009------------------------slo-d
040 |a STU  |b slo 
041 0 |a slo 
100 1 |a Donoval, Daniel,  |d 1953-  |4 ths  |u E030  |U FEI Fakulta elektrotechniky a informatiky  |T FEI Ústav elektroniky a fotoniky  |X 2039  |U E030  |Y 549  |7 A000002039 
245 1 |a 2/3-rozmerná simulácia ESD ochranného prvku 
260 |a Bratislava :  |b STU v Bratislave FEI,  |c 2009 
300 |a 52 s 
650 7 |a elektronika  |2 stusub 
650 7 |a Mikroelektronika  |2 stusub 
650 7 |a modelovanie a simulácia  |2 stusub 
700 1 |a Chvála, Aleš,  |d 1981-  |4 ths  |u E030  |U FEI Fakulta elektrotechniky a informatiky  |T FEI Ústav elektroniky a fotoniky  |X 10315  |U E030  |Y 549  |7 A000010315 
700 1 |a Príbytný, Patrik,  |d 1985-  |4 aut  |u E030  |U FEI Fakulta elektrotechniky a informatiky  |T FEI Ústav elektroniky a fotoniky  |X 11951  |U E030  |Y 549  |7 A000011951